000 00538nam a2200181Ia 4500
005 20250508154824.0
008 008 250505s9999 xx 000 0 eng d
037 _aTextual
040 _aFEDL
_beng
_cFEDL
041 _aeng
_2eng
084 _a371.42, SIE
_qFEDL
100 _aSiegel Max Ed.
_9766181
245 0 _aCounseling of college students : Function, practice, and technique
260 _aNew York, USA
_bThe Free Press
_c1968
300 _axx,467p.
942 _cTEXL
_h371.42, SIE
999 _c1352323
_d1352323